00235nam a2200097Ia 4500100003500000654001200035245003500047260003500082300000800117546001200125 aBhattacharya/ P.B./ Jain S.K.  aalgebra aFirst course in linear algebra bWiley easternaNew Delhic1991 a280 aENGLISH